Statistics for Movies by Director Tile Select Quiz #2

Click here to take the quiz!

General Stats

  • This quiz has been taken 22 times
  • The average score is 98 of 112

Answer Stats

QuestionTileSelect% Correct
Ingmar Bergman2001: A Space OdysseyNo
100%
Christopher Nolan2001: A Space OdysseyNo
100%
Paul Thomas AndersonBirdmanNo
100%
Christopher NolanBlade Runner 2049No
100%
Billy WilderCasablancaNo
100%
Francis Ford CoppolaDo the Right ThingNo
100%
Billy WilderDr. StrangeloveNo
100%
David FincherEnemyNo
100%
David FincherGladiatorNo
100%
Christopher NolanGravityNo
100%
David FincherHeatNo
100%
Paul Thomas AndersonJokerNo
100%
Paul Thomas AndersonLa La LandNo
100%
John FordLawrence of ArabiaNo
100%
John FordLifeboatNo
100%
Francis Ford CoppolaMy Left FootNo
100%
David FincherNetworkNo
100%
John FordNotoriousNo
100%
Billy WilderRear WindowNo
100%
Paul Thomas AndersonSchindler's ListNo
100%
Christopher NolanSkyfallNo
100%
Francis Ford CoppolaTaxi DriverNo
100%
John FordThe Color PurpleNo
100%
Francis Ford CoppolaThe GodfatherYes
100%
Francis Ford CoppolaThe Godfather Part IIYes
100%
Paul Thomas AndersonThe GraduateNo
100%
Francis Ford CoppolaThe IrishmanNo
100%
Billy WilderThe Maltese FalconNo
100%
Billy WilderThe SearchersNo
100%
Francis Ford CoppolaThe Silence of the LambsNo
100%
Billy WilderThe Third ManNo
100%
John FordUnforgivenNo
100%
Ingmar BergmanVertigoNo
100%
Christopher Nolan1917No
95%
Christopher NolanA.I. Artificial IntelligenceNo
95%
David FincherAlienNo
95%
Christopher NolanArrivalNo
95%
Billy WilderA Streetcar Named DesireNo
95%
David FincherBlack SwanNo
95%
David FincherFight ClubYes
95%
Christopher NolanFight ClubNo
95%
Francis Ford CoppolaGoodfellasNo
95%
Paul Thomas AndersonInside Llewyn DavisNo
95%
Christopher NolanInterstellarYes
95%
Christopher NolanMagnoliaNo
95%
Francis Ford CoppolaNostalgiaNo
95%
David FincherPrisonersNo
95%
Ingmar BergmanRequiem for a DreamNo
95%
David FincherSe7enYes
95%
Ingmar BergmanStalkerNo
95%
David FincherThe Assassination of Jesse JamesNo
95%
Christopher NolanThe Dark KnightYes
95%
Paul Thomas AndersonThe DepartedNo
95%
Francis Ford CoppolaThe ExorcistNo
95%
Francis Ford CoppolaThe Godfather Part IIIYes
95%
David FincherThere Will be BloodNo
95%
Billy WilderThe TrialNo
95%
Billy Wilder12 Angry MenNo
90%
Ingmar BergmanCrimes and MisdemeanoursNo
90%
Christopher NolanDunkirkYes
90%
David FincherGone GirlYes
90%
Paul Thomas AndersonIn the Mood For LoveNo
90%
David FincherNo Country for Old MenNo
90%
Ingmar BergmanSolarisNo
90%
Billy WilderSome Like it HotYes
90%
Billy WilderThe Big SleepNo
90%
David FincherThe Curious Case of Benjamin ButtonYes
90%
Christopher NolanThe PrestigeYes
90%
John FordThe Wild BunchNo
90%
Francis Ford CoppolaAmerican GraffitiNo
86%
Francis Ford CoppolaApocalypse NowYes
86%
Ingmar BergmanBreathlessNo
86%
Billy WilderBringing up BabyNo
86%
John FordHigh NoonNo
86%
John FordIt's a Wonderful LifeNo
86%
Ingmar BergmanJules and JimNo
86%
Paul Thomas AndersonMagnoliaYes
86%
Christopher NolanMementoYes
86%
Ingmar BergmanThe Seventh SealYes
86%
John FordThe Treasure of the Sierra MadreNo
86%
David FincherZodiacYes
86%
Paul Thomas AndersonA Serious ManNo
81%
Paul Thomas AndersonBoogie NightsYes
81%
Francis Ford CoppolaOnce Upon a Time in AmericaNo
81%
Paul Thomas AndersonPhantom ThreadYes
81%
Ingmar BergmanSilenceNo
81%
John FordStrangers on a TrainNo
81%
Billy WilderSunset BoulevardYes
81%
Francis Ford CoppolaThe ConformistNo
81%
Ingmar BergmanThe Passion of Joan of ArcNo
81%
Paul Thomas AndersonThere Will Be BloodYes
81%
David FincherPanic RoomYes
76%
Paul Thomas AndersonPunch-Drunk LoveYes
76%
John FordStagecoachYes
76%
Billy WilderThe ApartmentYes
76%
Paul Thomas AndersonThe MasterYes
76%
Ingmar BergmanPersonaYes
71%
Billy WilderDouble IndemnityYes
67%
John FordHow the West was WonNo
67%
John FordThe SearchersYes
67%
Ingmar BergmanWild StrawberriesYes
67%
Ingmar BergmanFanny and AlexanderYes
62%
Christopher NolanInsomniaYes
62%
Christopher NolanBatman ReturnsNo
57%
John FordThe Grapes of WrathYes
57%
John FordThe Man Who Shot Liberty ValanceYes
52%
Francis Ford CoppolaRumble FishYes
48%
Ingmar BergmanScenes from a MarriageYes
48%
Paul Thomas AndersonHard EightYes
43%
Ingmar BergmanCries and WhispersYes
38%
John FordThe Quiet ManYes
38%
Billy WilderStalag 17Yes
24%

Score Distribution

Percentile by Number Answered

Percent of People with Each Score

Your Score History

You have not taken this quiz